Management of education / (Record no. 36311)

MARC details
000 -LEADER
fixed length control field 00841nam a22002297a 4500
005 - DATE AND TIME OF LATEST TRANSACTION
control field 20100525103047.0
008 - FIXED-LENGTH DATA ELEMENTS--GENERAL INFORMATION
fixed length control field 100525t xxu||||| |||| 00| 0 eng d
010 ## - LCCN (DPL NO)
LC control number EN-96167
020 ## - INTERNATIONAL STANDARD BOOK NUMBER
International Standard Book Number 9788189983307
Terms of availability 450.00
035 ## - SYSTEM CONTROL NUMBER
System control number EN-79700
037 ## - SOURCE OF ACQUISITION
Source of stock number/acquisition DBAD/PUB
040 ## - CATALOGING SOURCE
Original cataloging agency DPL
Language of cataloging Eng
082 ## - DEWEY DECIMAL CLASSIFICATION NUMBER
Classification number 371.2
100 ## - MAIN ENTRY--PERSONAL NAME
Personal name Aneja,Om Prakash
9 (RLIN) 20357
245 ## - TITLE STATEMENT
Title Management of education /
Statement of responsibility, etc by Om Prakash Aneja
260 ## - PUBLICATION, DISTRIBUTION, ETC. (IMPRINT)
Place of publication, distribution, etc New Delhi
Name of publisher, distributor, etc KSK Publishers & Distributors
Date of publication, distribution, etc 2010
270 ## - ADDRESS
Address 7/26, Basement, Ansari Road, Darya Ganj
City New Delhi
Postal code 110002
300 ## - PHYSICAL DESCRIPTION
Extent 228p.
Dimensions 22cm (Hb)
500 ## - GENERAL NOTE
General note Includes bibliographical references
942 ## - ADDED ENTRY ELEMENTS (KOHA)
Source of classification or shelving scheme Dewey Decimal Classification
Item type English Books
Call number suffix ANE
Classification part 371.2
Holdings
Withdrawn status Lost status Source of classification or shelving scheme Damaged status Not for loan Collection code Home library Current library Date acquired Source of acquisition Cost, normal purchase price Total Checkouts Full call number Barcode Date last seen Copy number Cost, replacement price Koha item type
    Dewey Decimal Classification   Not For Loan Non-fiction D.B.Act.Division D.B.Act.Division 13/04/2010 DBAD/PUB 450.00   371.2 ANE EN-79700 25/05/2010 1 450.00 English Books

© Delhi Public Library
Hit Counter
free hit counter